[Event "ESP-ch Seniors 50+"]
[Site "Altea"]
[Date "2017.10.09"]
[Round "3"]
[White "Gonzalez Custodio, Rafael"]
[Black "Garcia Galeote, Lorenzo"]
[Result "1-0"]
[WhiteElo "2105"]
[BlackElo "1998"]
[PlyCount "93"]
[EventDate "2017.10.07"]
[EventType "swiss"]
[EventRounds "9"]
[EventCountry "ESP"]
[SourceTitle "CBM 181 Extra"]
[Source "ChessBase"]
[SourceDate "2017.12.12"]
[SourceVersion "1"]
[SourceVersionDate "2017.12.12"]
[SourceQuality "1"]

1. d4 g6 2. Nf3 Bg7 3. c3 Nf6 4. Bf4 0-0 5. Nbd2 d6 6. h3 b6 7. e3 Bb7 8. Be2 Nbd7 9. 0-0 e6 10. Re1 Qe7 11. Bh2 e5 12. dxe5 Nxe5 13. Nxe5 dxe5 14. Bf3 Bxf3 15. Nxf3 Rfd8 16. Qc2 Ne8 17. e4 Rd7 18. Rad1 Rad8 19. Rxd7 Rxd7 20. Rd1 f6 21. Bg3 Qd8 22. Rxd7 Qxd7 23. Nh2 Bh6 24. Nf1 a5 25. f3 Ng7 26. Bf2 Ne6 27. a4 Bf8 28. Ne3 Bc5 29. Nd5 Kg7 30. b4 Bxf2+ 31. Kxf2 Qc6 32. Qb3 axb4 33. Qxb4 Qc5+ 34. Qxc5 Nxc5 35. Nxc7 Nxa4 36. Nd5 Nb2 37. Ke2 Nc4 38. Kd3 b5 39. Kc2 f5 40. exf5 gxf5 41. Kb3 e4 42. fxe4 fxe4 43. Kb4 e3 44. Nf4 Nb6 45. Ne2 Kf6 46. Kxb5 Nd7 47. Kc4 1-0

[Event "ESP-ch Seniors 50"]
[Site "Altea"]
[Date "2016.10.13"]
[Round "6"]
[White "Rionda Medio, Angel Arturo"]
[Black "Gonzalez Custodio, Rafael"]
[Result "0-1"]
[WhiteElo "1938"]
[BlackElo "2167"]
[PlyCount "100"]
[EventDate "2016.10.09"]
[EventType "swiss"]
[EventRounds "9"]
[EventCountry "ESP"]
[SourceTitle "EXT 2024"]
[Source "ChessBase"]
[SourceDate "2023.10.10"]
[SourceVersion "1"]
[SourceVersionDate "2023.10.10"]
[SourceQuality "1"]

1. c4 Nf6 2. g3 g6 3. Bg2 Bg7 4. Nc3 0-0 5. e4 d6 6. Nge2 e5 7. 0-0 Nc6 8. d3 h6 9. h3 Be6 10. Be3 Qd7 11. Kh2 Ne7 12. b4 c6 13. a4 d5 14. Bc5 dxc4 15. dxc4 Qxd1 16. Rfxd1 Rfe8 17. Bxe7 Rxe7 18. c5 Rd7 19. Rxd7 Nxd7 20. Rd1 a5 21. b5 Nxc5 22. bxc6 bxc6 23. Nc1 Bf8 24. h4 Rb8 25. Bh3 Bxh3 26. Kxh3 Kg7 27. f3 Rb4 28. Rd8 Rc4 29. N3e2 Rxa4 30. Rc8 Ra3 31. Kg2 a4 32. Rxc6 Nd3 33. Nxd3 Rxd3 34. Rc2 a3 35. Nc1 Rd1 36. Na2 Rb1 37. Kf2 Rb2 38. Re2 Bc5+ 39. Kf1 Bd4 40. Ke1 Kf6 41. Rd2 Rxd2 42. Kxd2 Bf2 43. g4 Bxh4 44. Nb4 Ke6 45. Kc2 Be7 46. Nd5 h5 47. gxh5 gxh5 48. Ne3 h4 49. Kb3 h3 50. Ng4 Bh4 0-1

[Event "ESP-chT CECLUB Div2 Gp2"]
[Site "Burguillos"]
[Date "2012.08.12"]
[Round "6.4"]
[White "Melero Fidalgo, Juan de Dios"]
[Black "Gonzalez Custodio, Rafael"]
[Result "1/2-1/2"]
[WhiteElo "2259"]
[BlackElo "2172"]
[PlyCount "147"]
[EventDate "2012.08.08"]
[EventType "team-swiss"]
[EventRounds "6"]
[EventCountry "ESP"]
[SourceTitle "CBM 149 Extra"]
[Source "ChessBase"]
[SourceDate "2012.08.24"]
[SourceVersion "1"]
[SourceVersionDate "2012.08.24"]
[SourceQuality "1"]
[WhiteTeam "Oromana"]
[BlackTeam "Alekhine Espartinas"]
[WhiteTeamCountry "ESP"]
[BlackTeamCountry "ESP"]

1. d4 Nf6 2. c4 c5 3. d5 b5 4. Nf3 d6 5. cxb5 a6 6. b6 Qxb6 7. Nc3 g6 8. e4 Nbd7 9. Be2 Bg7 10. 0-0 0-0 11. h3 a5 12. Qc2 Ba6 13. Bxa6 Qxa6 14. a4 Ne8 15. Bg5 f6 16. Bf4 Nc7 17. Rad1 Rab8 18. Rfe1 Rb7 19. h4 Qb6 20. Bc1 Qb3 21. Qe2 Nb6 22. h5 g5 23. Nd2 Qb4 24. h6 Bxh6 25. f4 Bg7 26. Qh5 Nxa4 27. Nxa4 Qd4+ 28. Kh1 Qxa4 29. fxg5 Qe8 30. Qe2 fxg5 31. Nc4 h6 32. Nxa5 Rb6 33. Nc4 Rb4 34. Rf1 Rxf1+ 35. Rxf1 Rxc4 36. Qxc4 Qh5+ 37. Kg1 Bd4+ 38. Rf2 Qd1+ 39. Qf1 Bxf2+ 40. Kxf2 Qd4+ 41. Kf3 Qf6+ 42. Ke2 Qxf1+ 43. Kxf1 Kf7 44. Ke2 Kg6 45. Bd2 Ne8 46. Ba5 Nf6 47. Kf3 h5 48. Bd8 Kf7 49. Ba5 Nd7 50. Bc3 Nb6 51. b3 e6 52. dxe6+ Kxe6 53. Bd2 Kf6 54. Bc3+ Kg6 55. Ba5 Nd7 56. Bc7 Ne5+ 57. Kg3 Nf7 58. Kf3 Kf6 59. Ba5 Ne5+ 60. Kg3 Nc6 61. Bc3+ Kg6 62. Kf2 h4 63. Ke3 Ne5 64. b4 cxb4 65. Bxb4 Kf6 66. Be1 Ng6 67. Kf3 Ne5+ 68. Ke3 Ke6 69. Bc3 d5 70. Bxe5 Kxe5 71. exd5 Kxd5 72. Kf3 Ke5 73. Kg4 Kf6 74. g3 1/2-1/2

[Event "Andalucia-ch"]
[Site "Lucena"]
[Date "2012.04.30"]
[Round "7"]
[White "Gonzalez Custodio, Rafael"]
[Black "Barruz Serrano, Antonio Angel"]
[Result "1-0"]
[WhiteElo "2181"]
[BlackElo "1987"]
[PlyCount "55"]
[EventDate "2012.04.26"]
[EventType "swiss"]
[EventRounds "9"]
[EventCountry "ESP"]
[SourceTitle "EXT 2013"]
[Source "ChessBase"]
[SourceDate "2012.11.22"]
[SourceVersion "1"]
[SourceVersionDate "2012.11.22"]
[SourceQuality "1"]

1. d4 d5 2. Nf3 Nf6 3. Bg5 Nbd7 4. e3 Ne4 5. Bf4 Ndf6 6. Nbd2 Bg4 7. h3 Bh5 8. Be2 Nxd2 9. Nxd2 Bg6 10. 0-0 e6 11. c4 c6 12. Qb3 Qb6 13. c5 Qxb3 14. axb3 Kd7 15. b4 Be7 16. b5 Rhc8 17. bxc6+ Kxc6 18. Nf3 Nd7 19. b4 a6 20. Ra5 b5 21. Rfa1 Kb7 22. c6+ Rxc6 23. Bxb5 Rc3 24. Bxd7 Bxb4 25. R5a2 a5 26. Ba4 f6 27. Rb2 Kb6 28. Bd6 1-0

[Event "ESP-ch op 68th"]
[Site "Burgos"]
[Date "2003.10.29"]
[Round "6"]
[White "Gonzalez Custodio, Rafael"]
[Black "Iruzubieta Villaluenga, Jesus Maria"]
[Result "0-1"]
[WhiteElo "2200"]
[BlackElo "2422"]
[PlyCount "66"]
[EventDate "2003.10.24"]
[EventType "swiss"]
[EventRounds "9"]
[EventCountry "ESP"]
[SourceTitle "EXT 2004"]
[Source "ChessBase"]
[SourceDate "2003.11.25"]
[SourceVersion "1"]
[SourceVersionDate "2003.11.25"]
[SourceQuality "1"]

1. d4 Nf6 2. Nf3 g6 3. Bg5 Bg7 4. Nbd2 c5 5. Bxf6 Bxf6 6. Ne4 Qa5+ 7. c3 Bxd4 8. Nxd4 cxd4 9. Qxd4 0-0 10. h4 Nc6 11. Qd2 d5 12. Ng3 d4 13. cxd4 Qxd2+ 14. Kxd2 Nxd4 15. e3 Nc6 16. Bc4 Ne5 17. Rhc1 b6 18. Ke1 Rd8 19. Be2 Bb7 20. Rc7 Bxg2 21. Rxe7 Nc6 22. Rc7 Rac8 23. Rxc8 Rxc8 24. Rc1 Rd8 25. h5 Kg7 26. hxg6 hxg6 27. a3 a5 28. f3 Ne5 29. Kf2 Bxf3 30. Rc7 Rd2 31. Re7 Bxe2 32. Rxe5 Bc4+ 33. Ke1 Rxb2 0-1

[Event "Seville op 28th"]
[Site "Seville"]
[Date "2003.01.16"]
[Round "7"]
[White "Ivanov, Jordan"]
[Black "Gonzalez Custodio, Rafael"]
[Result "1-0"]
[WhiteElo "2446"]
[BlackElo "2201"]
[PlyCount "73"]
[EventDate "2003.01.10"]
[EventType "swiss"]
[EventRounds "9"]
[EventCountry "ESP"]
[SourceTitle "CBM 092 Extra"]
[Source "ChessBase"]
[SourceDate "2003.03.07"]
[SourceVersion "1"]
[SourceVersionDate "2003.03.07"]
[SourceQuality "1"]

1. d4 Nf6 2. c4 c5 3. d5 b5 4. cxb5 a6 5. b6 g6 6. Nc3 d6 7. Nf3 Bg7 8. Nd2 Nbd7 9. e4 0-0 10. a4 a5 11. Bb5 Nxb6 12. 0-0 Ba6 13. Bxa6 Rxa6 14. Qe2 Ra8 15. Ra3 Qd7 16. b3 Rfb8 17. Nc4 Nxc4 18. bxc4 Ne8 19. Nb5 Nc7 20. Rb3 Na6 21. Bf4 Nb4 22. Re1 f6 23. g4 Re8 24. Rd1 Rf8 25. Rg3 Rab8 26. h4 Kf7 27. h5 Rg8 28. h6 Bh8 29. Kg2 Rbf8 30. Bc1 Ke8 31. f4 Kd8 32. Bb2 Kc8 33. e5 Kb7 34. exd6 exd6 35. Re3 Re8 36. Rxe8 Rxe8 37. Nxd6+ 1-0

[Event "Seville Villa de Coria op 9th"]
[Site "Seville"]
[Date "2003.??.??"]
[Round "6"]
[White "Gonzalez Custodio, Rafael"]
[Black "Valero Sanchez, Juan Manuel"]
[Result "1-0"]
[WhiteElo "2201"]
[BlackElo "1800"]
[PlyCount "43"]
[EventDate "2003.02.13"]
[EventType "swiss"]
[EventRounds "9"]
[EventCountry "ESP"]
[SourceTitle "CBM 092 Extra"]
[Source "ChessBase"]
[SourceDate "2003.03.07"]
[SourceVersion "1"]
[SourceVersionDate "2003.03.07"]
[SourceQuality "1"]

1. Nf3 c5 2. e4 e6 3. d3 Be7 4. g3 d5 5. Nbd2 Nc6 6. Bg2 Qc7 7. 0-0 Nf6 8. Re1 0-0 9. e5 Ng4 10. Qe2 f6 11. exf6 Bxf6 12. c3 e5 13. h3 Nh6 14. Nb3 b6 15. Bxh6 gxh6 16. Nh2 d4 17. Qh5 Bg7 18. cxd4 exd4 19. Qd5+ Qf7 20. Qxf7+ Rxf7 21. Bxc6 Rb8 22. Bd5 1-0

[Event "Seville Villa de Coria op 9th"]
[Site "Seville"]
[Date "2003.??.??"]
[Round "9"]
[White "Rizouk, Aimen"]
[Black "Gonzalez Custodio, Rafael"]
[Result "1/2-1/2"]
[WhiteElo "2519"]
[BlackElo "2201"]
[PlyCount "105"]
[EventDate "2003.02.13"]
[EventType "swiss"]
[EventRounds "9"]
[EventCountry "ESP"]
[SourceTitle "CBM 092 Extra"]
[Source "ChessBase"]
[SourceDate "2003.03.07"]
[SourceVersion "1"]
[SourceVersionDate "2003.03.07"]
[SourceQuality "1"]

1. e4 Nc6 2. Nf3 Nf6 3. e5 Nd5 4. d4 d6 5. c4 Nb6 6. e6 fxe6 7. Nc3 e5 8. d5 Nd4 9. Nxd4 exd4 10. Qxd4 e5 11. Qd1 Bf5 12. Bd3 Bxd3 13. Qxd3 Be7 14. Ne4 0-0 15. 0-0 Qd7 16. Be3 Qf5 17. f3 Nd7 18. Qd2 h6 19. Rae1 Nf6 20. Nc3 Qd7 21. Qc2 a6 22. Rd1 b6 23. Qd3 Nh7 24. Ne4 Qf5 25. Nf2 Bg5 26. Qxf5 Rxf5 27. Rfe1 Bxe3 28. Rxe3 a5 29. Ne4 Rf7 30. Ra3 Re8 31. Re3 Nf6 32. Nc3 Nd7 33. g3 Ref8 34. Kg2 Nc5 35. Rd2 g6 36. h4 Kg7 37. Nb5 Kh7 38. Rf2 Kg7 39. Rfe2 g5 40. hxg5 hxg5 41. Nc3 Kg6 42. Nd1 Rh8 43. Nf2 Rfh7 44. Re1 Rh2+ 45. Kg1 R8h7 46. R3e2 Rxf2 47. Kxf2 Nd3+ 48. Kg2 Nxe1+ 49. Rxe1 Kf5 50. b3 Rh8 51. Ra1 Rh7 52. Rb1 Rh8 53. Re1 1/2-1/2

[Event "Barcelona Sants op 03rd"]
[Site "Barcelona"]
[Date "2001.??.??"]
[Round "?"]
[White "Pujol Clua, Ramon"]
[Black "Gonzalez Custodio, Rafael"]
[Result "0-1"]
[WhiteElo "2015"]
[BlackElo "2186"]
[PlyCount "82"]
[EventDate "2001.08.??"]
[EventType "swiss"]
[EventRounds "9"]
[EventCountry "ESP"]
[SourceTitle "EXT 2005"]
[Source "ChessBase"]
[SourceDate "2004.11.15"]
[SourceVersion "1"]
[SourceVersionDate "2004.11.15"]
[SourceQuality "1"]

1. d4 d5 2. Nf3 e6 3. c4 c6 4. Nc3 f5 5. g3 Nf6 6. Bg2 Bd6 7. 0-0 0-0 8. Qb3 Nbd7 9. Bg5 h6 10. Bxf6 Qxf6 11. cxd5 exd5 12. e3 Rf7 13. a4 a5 14. Rac1 Nf8 15. Rfd1 g5 16. Rd2 Be6 17. Ne2 Ng6 18. Qc2 f4 19. exf4 gxf4 20. Nc3 Bf5 21. Qb3 Kg7 22. Re1 Bg4 23. Rd3 h5 24. Qd1 Raf8 25. Ne2 Bf5 26. Rb3 Be4 27. Nc3 Bxf3 28. Qxf3 Qxd4 29. Ne2 Qd2 30. Qc3+ Qxc3 31. Nxc3 Bb4 32. Rd1 fxg3 33. fxg3 Rf2 34. Kh1 Rc2 35. Rf1 Rxf1+ 36. Bxf1 Ne5 37. Na2 c5 38. Nxb4 axb4 39. h3 b6 40. Re3 Kf6 41. b3 Rc3 0-1

[Event "ESP-chT Div 2"]
[Site "Cala Galdana"]
[Date "1999.11.11"]
[Round "4"]
[White "Acebal Muniz, Antonio"]
[Black "Gonzalez Custodio, Rafael"]
[Result "1/2-1/2"]
[WhiteElo "2289"]
[BlackElo "2188"]
[PlyCount "34"]
[EventDate "1999.11.08"]
[EventType "team"]
[EventRounds "9"]
[EventCountry "ESP"]
[SourceTitle "CBM 073 Extra"]
[Source "ChessBase"]
[SourceDate "2000.01.11"]
[SourceVersion "1"]
[SourceVersionDate "2000.01.11"]
[SourceQuality "1"]

1. Nf3 d5 2. d4 e6 3. c4 c5 4. cxd5 exd5 5. Nc3 Nc6 6. g3 Nf6 7. Bg2 Be7 8. 0-0 0-0 9. Be3 Bg4 10. dxc5 Bxf3 11. Bxf3 d4 12. Bxc6 dxe3 13. Qxd8 exf2+ 14. Kxf2 Bxc5+ 15. Kf3 Raxd8 16. Bxb7 Rb8 17. Ba6 Rfe8 1/2-1/2

[Event "ESP-chT Div 2"]
[Site "Cala Galdana"]
[Date "1999.11.10"]
[Round "3"]
[White "Fernandez Hernandez, Gerardo"]
[Black "Gonzalez Custodio, Rafael"]
[Result "0-1"]
[WhiteElo "2149"]
[BlackElo "2188"]
[PlyCount "118"]
[EventDate "1999.11.08"]
[EventType "team"]
[EventRounds "9"]
[EventCountry "ESP"]
[SourceTitle "CBM 073 Extra"]
[Source "ChessBase"]
[SourceDate "2000.01.11"]
[SourceVersion "1"]
[SourceVersionDate "2000.01.11"]
[SourceQuality "1"]

1. e4 Nc6 2. d3 e5 3. Nf3 Nf6 4. g3 Bc5 5. Bg2 d6 6. 0-0 0-0 7. h3 Be6 8. Nc3 a6 9. Be3 Bxe3 10. fxe3 d5 11. Nh4 dxe4 12. dxe4 Qxd1 13. Rfxd1 Rfd8 14. Nd5 Bxd5 15. exd5 Nb4 16. Rd2 a5 17. a3 Na6 18. e4 Nc5 19. Re1 g6 20. Rde2 Ne8 21. Nf3 f6 22. Nd2 Nd6 23. Re3 a4 24. Rc3 b6 25. Bf1 Rd7 26. Rce3 Kg7 27. Kg2 Re7 28. Bd3 h6 29. Nb1 Rae8 30. Rf1 Rf8 31. g4 Rh8 32. Nc3 Rf7 33. Bb5 Ra8 34. Bc6 Ra5 35. Rb1 Re7 36. Re2 Rf7 37. Rf1 Nc4 38. Nd1 Nd6 39. Nc3 Nc4 40. Bb5 Nd6 41. Bd3 Ra8 42. Na2 f5 43. Nc3 f4 44. Kf3 g5 45. Rh2 Rff8 46. Rfh1 Rh8 47. h4 gxh4 48. Rxh4 Nf7 49. Kf2 Ng5 50. Re1 Rhf8 51. Bb5 Rf6 52. Bc6 Ra5 53. Bb5 Rxb5 54. Nxb5 Ncxe4+ 55. Ke2 f3+ 56. Ke3 f2 57. Rc1 Rf3+ 58. Ke2 Ng3+ 59. Kd2 N5e4+ 0-1

[Event "ESP-ch"]
[Site "Zamora"]
[Date "1996.??.??"]
[Round "4"]
[White "De la Riva Aguado, Oscar"]
[Black "Gonzalez Custodio, Rafael"]
[Result "1/2-1/2"]
[WhiteElo "2470"]
[BlackElo "2215"]
[PlyCount "36"]
[EventDate "1996.??.??"]
[EventType "swiss"]
[EventRounds "9"]
[EventCountry "ESP"]
[SourceTitle "EXT 2000"]
[Source "ChessBase"]
[SourceDate "1999.11.16"]
[SourceVersion "1"]
[SourceVersionDate "1999.11.16"]
[SourceQuality "1"]

1. e4 c6 2. d4 d5 3. exd5 cxd5 4. c4 Nf6 5. Nc3 g6 6. cxd5 Bg7 7. Qb3 0-0 8. Be2 Nbd7 9. Bf3 Nb6 10. Nge2 Bg4 11. Bxg4 Nxg4 12. Bf4 Nf6 13. d6 exd6 14. 0-0 Re8 15. a4 Qd7 16. Rfe1 Qe6 17. Qxe6 Rxe6 18. Nb5 Ne8 1/2-1/2